Loading...
| Science - Other | 0 | 6 | 0 | 1 | 60 | 59 | 89.50 | 0 | 3 | 0.00 | 0.00 |
| Religion | 0 | 5 | 1 | 2 | 45 | 49 | 86.80 | 0 | 4 | 0.00 | 0.00 |
| Mythology | 0 | 4 | 0 | 1 | 40 | 70 | 89.75 | 1 | 3 | 0.00 | 0.00 |
| History - European | 0 | 4 | 1 | 1 | 35 | 25 | 72.00 | 1 | 2 | 0.00 | 0.00 |
| Literature - British | 0 | 3 | 0 | 0 | 30 | 57 | 68.67 | 2 | 3 | 0.00 | 0.00 |
| Literature - American | 0 | 3 | 0 | 0 | 30 | 85 | 94.67 | 0 | 1 | 0.00 | 0.00 |
| Science - Chemistry | 0 | 3 | 0 | 2 | 30 | 102 | 103.67 | 0 | 3 | 0.00 | 0.00 |
| Philosophy | 0 | 3 | 0 | 1 | 30 | 41 | 78.33 | 0 | 2 | 0.00 | 0.00 |
| History - World | 0 | 3 | 0 | 0 | 30 | 50 | 74.00 | 1 | 3 | 0.00 | 0.00 |
| Current Events | 0 | 2 | 0 | 0 | 20 | 89 | 94.50 | 0 | 1 | 0.00 | 0.00 |
| History - American | 0 | 2 | 0 | 0 | 20 | 77 | 79.50 | 1 | 1 | 0.00 | 0.00 |
| Social Science | 0 | 2 | 0 | 0 | 20 | 84 | 84.50 | 0 | 2 | 0.00 | 0.00 |
| Science - Physics | 0 | 2 | 1 | 2 | 15 | 102 | 103.50 | 0 | 1 | 0.00 | 0.00 |
| Literature - World | 0 | 2 | 1 | 1 | 15 | 104 | 107.50 | 0 | 0 | 0.00 | 0.00 |
| Fine Arts - Other | 0 | 2 | 1 | 1 | 15 | 98 | 112.50 | 0 | 0 | 0.00 | 0.00 |
| Fine Arts - Painting and Sculpture | 0 | 1 | 0 | 0 | 10 | 92 | 92.00 | 0 | 1 | 0.00 | 0.00 |
| Geography | 0 | 1 | 0 | 0 | 10 | 71 | 71.00 | 0 | 1 | 0.00 | 0.00 |
| History - Other | 0 | 2 | 2 | 0 | 10 | 84 | 85.00 | 0 | 2 | 0.00 | 0.00 |
| Science - Biology | 0 | 1 | 1 | 1 | 5 | 100 | 100.00 | 0 | 0 | 0.00 | 0.00 |
| Popular Culture | 0 | 1 | 1 | 0 | 5 | 91 | 91.00 | 0 | 0 | 0.00 | 0.00 |